00827cam a2200241Ia 4500001001000000003000400010005001700014008004100031020001800072035003900090040003600129050002400165082002100189100004900210245008800259250001100347260005800358300003300416504005000449650003500499650003300534700001800567649650403OSt20180923144739.0100722s2016 nyua b 001 0 eng d a9781305259621 a(OCoLC)649650403z(OCoLC)457154344 aSISPLcSISPLdSISPLdVGMdBTCTA 4aTK5103.2b.A57 2011 223a621.382bADI1 aAgrawal, Dharma P.q(Dharma Prakash),d1945-10aIntroduction to wireless and mobile systems /cDharma Prakash Agrawal, Qing-An Zeng a4th ed aStamford, CT ;aSingapore :bCengage Learning,cc2016 axxv, 590 p. :bill. ;c24 cm aIncludes bibliographical references and index 0aWireless communication systems 0aMobile communication systems1 aZeng, Qing-An